Energetické odpady jako suroviny v investiční výstavbě a její materiálové základně

Gespeichert in:
Bibliographische Detailangaben
1. Verfasser: Bažantová, Štěpánka
Format: Buch
Sprache:Tschechisch
Veröffentlicht: Praha Ústředí vědeckých, technických a ekonomických informací 1980
Tags: Tag hinzufügen
Keine Tags, Fügen Sie das erste Tag hinzu!

MARC

LEADER 00000nam a2200000 4500
001 c126931
005 20190620103419.8
041 0 |a cze 
044 |a CZ 
245 1 0 |a Energetické odpady jako suroviny v investiční výstavbě a její materiálové základně  |c Štěpánka Bažantová 
264 1 |a Praha  |b Ústředí vědeckých, technických a ekonomických informací  |c 1980 
300 |a 78 s. 
100 1 |a Bažantová, Štěpánka